000 00497nam a2200193Ia 4500
008 151119s9999||||xx |||||||||||||| ||und||
082 _a891.461
082 _bGKKV29467
100 _aढसाळ नामदेव
245 _aगोलपिठा
260 _a--
260 _b--
260 _c0
600 _aढसाळ नामदेव
630 _aगोलपिठा
700 _aढसाळ नामदेव
730 _aगोलपिठा
942 _cBOOK
999 _c1081824
_d1081821